[Event "Bayern-chI Bank Hofmann 8th"]
[Site "Bad Wiessee"]
[Date "2004.11.06"]
[Round "8"]
[White "Siebrecht, Sebastian"]
[Black "Golod, Vitali"]
[Result "1/2-1/2"]
[WhiteElo "2366"]
[BlackElo "2554"]
[Annotator "Golod,V"]
[PlyCount "78"]
[EventDate "2004.11.01"]
[EventType "swiss"]
[EventRounds "9"]
[EventCountry "GER"]
[SourceTitle "CBM 104"]
[Source "ChessBase"]
[SourceDate "2005.01.27"]
[SourceVersion "1"]
[SourceVersionDate "2005.01.27"]
[SourceQuality "1"]

1. c4 Nf6 2. Nc3 e6 3. Nf3 d5 4. d4 c5 5. cxd5 Nxd5 6. e4 Nxc3 7. bxc3 cxd4 8.
cxd4 Bb4+ 9. Bd2 Bxd2+ 10. Qxd2 O-O 11. Rd1 b6 12. Bd3 Bb7 13. h4 {With
rearrangement of moves (12.h4 Bb7 13.Bd3) we receive a position from a game:
Kozul,Z-Golod,V/Izmir,2004} Nc6 14. Bb1 Ba6 $1 {/^a6-f1 I have found this
strong idea in the my previous game. With Ba6 Black both prevents castle in
the short party and prepares Qe7-b4 with the attack of the "e1"-square in
order to create objects of attack on the Q-side.} 15. e5 {Already here my
contender has spent about 30 minutes,but I have guessed,that he entices me on
a position from my game against Zdenko Kozul (15...Qe7!? 16.Qc2 and so on) ,
and consequently,during a this game,I have thought up the next interesting
novelty:} Qd5 $5 $146 ({In the above-stated game,I tested:} 15... Qe7 $5 16. h5
$2 (16. Qc2 $1 Qb4+ 17. Nd2 (17. Rd2 $6 g6 18. h5 Rac8 $36) 17... Rfc8 $8 18.
Qxh7+ Kf8 19. Qh8+ Ke7 20. Qxg7 Nxd4 (20... Qxd4 $2 21. Qg5+ Kf8 22. Nf3 Qb4+
23. Qd2 $16) 21. Be4 Nc2+ 22. Bxc2 Rxc2 $44) 16... h6 17. Rh4 Rfd8 $5 18. Qc2
Qb4+ 19. Rd2 Kf8 $1 $15 {You can see my detailed annotations to Kozul,Z-Golod,
V/Izmir,2004/CBM 104(0-1)(35)}) 16. Ng5 $140 {It's the most basic reaction to
my novelty!} (16. Qc2 $6 g6 {[%csl Rc2][%cal Ga8c8]}) 16... Rad8 $1 {In it
sense of my idea.I begin attack on the white's K,which has got stuck at the
center.} (16... h6 $5 {This move should be checked up in the future games}) (
16... Qxg2 $4 17. Bxh7+ Kh8 18. Be4 {and without Nc6}) 17. Bxh7+ Kh8 18. Be4 $5
({An interesting idea,which was mentioned by my opponent after the game:} 18.
Bd3 Qxd4 $1 19. Bxa6 $140 Qxe5+ 20. Qe2 (20. Qe3 $2 Qa5+) 20... Rxd1+ (20...
Qa5+ $2 21. Rd2 Rxd2 $140 $4 22. Qh5+ Kg8 23. Qh7#) 21. Kxd1 Qa1+ 22. Kd2 Rd8+
(22... Qxh1 $4 23. Qh5+ Kg8 24. Qh7#) 23. Bd3 Qb2+ 24. Ke3 Qd4+ 25. Kd2 Qb2+ {
with perpetual check.}) 18... Qxd4 {I had no other worthy alternative:} (18...
Qb5 $2 19. Bxc6 Qxc6 20. f3 {+/=/+/-}) (18... Qc4 $6 19. Rc1 Qxd4 20. Qxd4 Nxd4
21. Rh3 Rd7 22. Ra3 Bb5 23. Rac3 {/\Rc8|^}) 19. Qxd4 ({Unexpectedly at once
loses a game:} 19. Bxc6 $4 {in view of:} Qxe5+ 20. Qe3 $140 Rxd1+ $1 21. Kxd1
Qa1+ $1 (21... Qd6+ $143) 22. Kc2 (22. Qc1 $143 Rd8+ 23. Kc2 Qxa2+ 24. Qb2 (24.
Kc3 Rd3+ 25. Kb4 Qa5#) 24... Bd3+ 25. Kc1 (25. Kc3 $144 Qc4+ 26. Kd2 Bc2+)
25... Qc4+ 26. Kd2 Bc2+ {with checkmated in 5 moves.}) 22... Qxh1 $19) 19...
Nxd4 {Now Black has,as a minimum,an equal position.} 20. Rh3 {White want to
connect their rooks.} f6 21. exf6 $6 {Besides White has two best alternatives:}
(21. Bg6 $5 fxg5 22. hxg5+ Kg8 23. Bh7+ Kf7 (23... Kh8 $4 24. Rxd4 $1 Rxd4 25.
Bf5+ Kg8 26. Bxe6+ Rf7 27. g6 $18) 24. Ra3 Nc6 {[%csl Rh7][%cal Gg7g6]} 25.
Rxd8 Rxd8 26. g6+ Ke7 27. Rxa6 $13) ({and} 21. Nf3 $5 Nxf3+ 22. Rxf3 Rxd1+ 23.
Kxd1 Rd8+ 24. Kc1 $11) 21... gxf6 22. Nf3 Ne2 $1 $15 {My knight breaks a
coordination in operation of white's pieces and also creates an additional
threats: Nc3 or Nf4.} 23. Nd2 f5 24. Ra3 Bb5 $1 {I didn't agree to repeat of
moves:} (24... fxe4 $6 25. Rxa6 Nf4 26. Nxe4 Nxg2+ 27. Ke2 Nf4+ 28. Ke1 Ng2+
29. Ke2 $11) 25. Rb1 (25. Bc6 $4 {is refuted by:} Nd4 $1 26. Bxb5 $140 Nc2+ {
[%csl Ra3,Re1]}) 25... Nd4 $5 {I rather long chose between it and another
continuation:} (25... a6 $5 26. Rxb5 (26. Bb7 Nf4 (26... Nd4 $143 27. Rc3 $13)
27. Kd1 $15) 26... axb5 27. Kxe2 fxe4 28. Rb3 $1 (28. Nxe4 $143 Ra8 {קa2})
28... Ra8 29. a3 $1 $15) 26. Bd3 $140 $8 (26. Nf3 $2 fxe4 $1 27. Nxd4 $140 Bd3
28. Rb4 $8 a5 29. Rba4 b5 $17) 26... Rd5 {I try to make active all my pieces.}
27. Rc1 (27. Kf1 $4 Nc2 {[%csl Ra3,Rd3,Rf1]}) 27... Rfd8 28. Bxb5 Nxb5 29. Rb3
Kg7 $6 {I have selected the most irresolute continuation.In such a way,I can
not hope on advantage in the endgame.} ({It was necessary:} 29... Rxd2 $5 30.
Rxb5 Rxa2 31. Re5 Rd6 $1 (31... Rdd2 $143 32. Rxe6 Rxf2 33. Rc8+ $1 (33. Re7 $4
Rxg2 34. Kf1 (34. Rc8+ $143 Rg8) 34... Rg7 35. Rcc7 Rxe7 36. Rxe7 Kg8 {-/+/-+})
33... Kg7 34. Rc7+ $11) 32. Rc7 {/\g4 עh8} Ra4 $15) 30. Nf3 Kf6 31. g3 $11 Nd4
({Hardly it was better:} 31... Nd6 32. Ng5) 32. Nxd4 Rxd4 33. Re3 R8d6 34. a3
Rd2 35. Rc7 a5 36. Rb7 Rb2 ({Also leads to equality:} 36... Rd1+ 37. Ke2 R6d2+
38. Kf3 Rf1 39. Re2 Rxe2 40. Kxe2 Ra1 $11) 37. Kf1 e5 {/\e4 nad Rdd2 ->} 38.
Rb8 $1 {The accuracy is necessary up to the end.} e4 $140 39. Rf8+ Ke5 $11 {
This game was very interesting and important for the theory of this variant.} (
39... Kg6 $2 40. g4 $36 {[%csl Re4]}) (39... Ke5 {After this move the
contenders is agreed for draw, because of next variant:} 40. g4 fxg4 41. Re8+
Re6 42. Rxe6+ Kxe6 43. Rxe4+ Kf5 44. Re8 Ra2 $11) 1/2-1/2

[Event "GER CupT"]
[Site "Germany"]
[Date "2004.01.25"]
[Round "2.2"]
[White "Gurevich, Mikhail"]
[Black "Jackelen, Thomas"]
[Result "1-0"]
[WhiteElo "2656"]
[BlackElo "2435"]
[Annotator "Gurevich,M"]
[PlyCount "77"]
[EventDate "2004.01.??"]
[EventType "team"]
[EventRounds "5"]
[EventCountry "GER"]
[SourceTitle "CBM 099"]
[Source "ChessBase"]
[SourceDate "2004.03.30"]
[SourceVersion "1"]
[SourceVersionDate "2004.03.30"]
[SourceQuality "1"]

1. c4 c6 2. e4 d5 3. exd5 cxd5 4. cxd5 Nf6 5. Nc3 Nxd5 6. Nf3 Nc6 7. Bc4 e6 8.
O-O Be7 9. d4 O-O 10. Re1 b6 11. Nxd5 exd5 12. Bb5 Bb7 (12... Bd7 $5 13. Qa4
Rc8 14. Bf4 Bf6 15. Rac1 Re8 16. Rxe8+ Qxe8 17. Re1 Qd8 18. h3 h6 19. a3 Nb8
20. Bxb8 Bxb5 21. Qxb5 Rxb8 22. Ne5 $14 {1-0 Hansen,S-Palo,D/Horsens 2003/CBM
95 (61)}) 13. Bf4 (13. Qa4 Rc8 14. Bf4 a6 15. Bd3 Bd6 16. Bxd6 Qxd6 17. Ne5 g6
18. g3 Qb4 19. Qxb4 Nxb4 20. a3 Nxd3 21. Nxd3 Rc4 22. Ne5 Rxd4 23. Nd7 Rd8 {
1/2-1/2 Onischuk,A-Charbonneau,P/Montreal CAN 2003/The Week in Chess 455 (23)})
13... a6 (13... Bd6 14. Ne5 Ne7 15. Bd3 Bc8 16. Qh5 g6 17. Qh6 Bf5 18. Re3 f6
19. Nc6 Nxc6 20. Bxf5 Bxf4 21. Be6+ Kh8 22. Qxf4 $16 {1-0 Korneev,O-Burmakin,V/
Nova Gorica 2002/CBM 86 ext (74)}) 14. Bd3 Qd7 {TN} (14... Bf6 15. Bc2 g6 16.
Qd2 Rc8 17. Bb3 Na5 18. Be5 Nc4 19. Qf4 Nxe5 20. dxe5 Bg7 21. h4 $36 {1-0
Korneev,O-Roa Alonso,S/Madrid 2002/CBM 90 ext (34)}) 15. Rc1 (15. Qc2 $5 g6 16.
Qb3 $14) 15... Rfe8 16. a3 (16. Rxc6 $6 Qxc6 17. Ne5 Qf6 $17) 16... Bf8 17. Ne5
Nxe5 18. Bxe5 Bd6 (18... f6 19. Rc7) (18... Rac8 19. Qh5 g6 20. Qf3 $14) 19.
Qh5 g6 20. Qg5 Rac8 21. Rcd1 $1 (21. Rxc8 Bxc8 22. Qf6 Bxe5 23. Rxe5 Re6 $11)
21... Bxe5 22. dxe5 Qe7 $5 23. Qg3 $1 {[/\f2-f4-f5;h2-h4-h5|^>>]} f6 24. f4
fxe5 25. fxe5 Rf8 $5 {[/\26...Qc5+,27...Qf2<=>]} 26. Kh1 $1 (26. Rd2 Qc5+ 27.
Kh1 Qc1 $1 28. Qe3 d4 (28... Qc5 $5) 29. Qe2 Qc5 $132) 26... Rf7 27. h3 Rcf8
28. Rd2 Rf4 29. Kh2 Kg7 (29... Qh4 30. Qxh4 Rxh4 31. e6 Re8 32. e7 Rf4 33. Re6
$36) 30. Rc2 $5 d4 31. e6 Kh6 32. Re5 b5 $6 $138 (32... Kg7 $142 33. Rf5 $5
R8xf5 34. Bxf5 g5 (34... Rxf5 35. Rc7) 35. Bd3 h6 $14) 33. b4 {[xc5]} Ba8 34.
Kg1 (34. Rc8 $5 Bb7 35. Rxf8 Rxf8 36. Re2 $14 {(/\37.Qe5)}) 34... Kg7 35. Re1 (
35. Bf5 $1 $16) 35... Kh6 36. Kh1 $2 $138 Bd5 (36... Rf3 $3 37. gxf3 Rxf3 $40)
37. Kh2 Kg7 38. Re5 (38. Rf1 $1 g5 39. Rxf4 Rxf4 40. Rc5 $18) 38... Ba8 (38...
Bxe6 39. Rc6 R4f6 40. Rexe6 Rxe6 41. Rc7 $18) 39. Qe1 $1 {[/\40.Qc1,41.Rc7|^]
Time} 1-0

[Event "Bonn GSK-2"]
[Site "Bonn"]
[Date "1995.??.??"]
[Round "10"]
[White "Gurevich, Mikhail"]
[Black "Kveinys, Aloyzas"]
[Result "1/2-1/2"]
[WhiteElo "2585"]
[BlackElo "2515"]
[Annotator "Gurevich,M"]
[PlyCount "45"]
[EventDate "1995.??.??"]
[EventType "tourn"]
[EventRounds "11"]
[EventCountry "GER"]
[EventCategory "7"]
[SourceTitle "EXT 1997"]
[Source "ChessBase"]
[SourceDate "1996.11.15"]
[SourceVersion "1"]
[SourceVersionDate "1996.11.15"]
[SourceQuality "1"]

1. d4 Nf6 2. c4 e6 3. Nc3 d5 4. Nf3 c5 5. cxd5 Nxd5 6. e4 Nxc3 7. bxc3 cxd4 8.
cxd4 Bb4+ 9. Bd2 Bxd2+ 10. Qxd2 O-O 11. Bc4 Nc6 12. O-O e5 $5 {(TN)} 13. d5 Na5
14. Rfc1 $5 (14. Nxe5 Re8 15. Qd4 Rxe5 (15... Qb6 16. Qc3 Qc5 17. Rfc1 Nxc4 18.
Qxc4 Qxc4 19. Nxc4 $16 Rxe4 20. Nd6 $18) 16. Qxe5 Nxc4 17. Qd4 b5 $5 (17... Nd6
18. e5 Nf5 19. Qe4 $14) 18. a4 Nd6 $13 (18... Bd7 19. axb5 Bxb5 20. Rxa7 $16))
14... f6 15. Qb4 $5 {[/\16.Nd2|^<<]} b6 16. Nd2 Rf7 $5 17. Bb5 (17. Rc3 Nb7 18.
Bb5 Nc5 19. Bc6 Bb7 $13) (17. d6 Nxc4 18. Nxc4 Be6 19. Ne3 Rc8 $13) 17... Qf8
$6 (17... Bd7 $142 18. Ba6 Bc8 $13) 18. a3 $6 (18. Qxf8+ Kxf8 19. Rc3 Bd7 20.
Ba6 Ke7 21. Rac1 Kd6 22. f3 $14) 18... Bd7 19. Ba6 Bc8 20. Qxf8+ Rxf8 21. Bb5
Bb7 $1 22. Rc7 Rac8 23. Rac1 (23. Rac1 Rxc7 24. Rxc7 Rc8 25. Rd7 $5 (25. d6 $2
Rxc7 26. dxc7 Bc8 $17 {(/\Kg8-f8-e7-d6)}) (25. Rxc8+ Bxc8 $15 26. d6 $2 Be6 27.
d7 Nb7 $17) 25... Rc1+ 26. Nf1 $13) 1/2-1/2

[Event "Vlissingen HZ op 01st"]
[Site "Vlissingen"]
[Date "1997.??.??"]
[Round "3"]
[White "Gurevich, Mikhail"]
[Black "Barsov, Alexei"]
[Result "1-0"]
[WhiteElo "2620"]
[BlackElo "2445"]
[Annotator "Gurevich,M"]
[PlyCount "51"]
[EventDate "1997.07.05"]
[EventType "swiss"]
[EventRounds "7"]
[EventCountry "NED"]
[SourceTitle "CBM 058 Extra"]
[Source "ChessBase"]
[SourceDate "1997.07.29"]
[SourceVersion "1"]
[SourceVersionDate "1997.07.29"]
[SourceQuality "1"]

1. c4 e6 2. Nc3 d5 3. d4 Nf6 4. Nf3 c5 5. cxd5 cxd4 6. Qa4+ Bd7 7. Qxd4 exd5 8.
Nxd5 Qa5+ 9. Nc3 Bc5 (9... Nc6 $5) 10. Qh4 $5 {TN} (10. Qd1 Ne4 11. e3 Bb4 12.
Bd2 Nxc3 13. bxc3 Bxc3 14. Rc1 Bxd2+ 15. Qxd2 Qxd2+ 16. Kxd2 Nc6 $11 {1/2-1/2
Vyzmanavin,A-Goldin,A Novosibirsk 1993 (23)}) 10... Na6 (10... Nc6 11. Bd2 O-O
(11... Qb6 12. Na4 $18) 12. e3 (12. Nd5 $2 Bxf2+ 13. Qxf2 Qxd5 $17) 12... Nb4
13. Rc1 Bf5 14. Nb5 $1 $16) 11. Bd2 Qb6 12. e3 O-O (12... Qxb2) 13. Bc4 Qxb2
14. O-O (14. Rb1 Qc2 15. Rxb7 (15. O-O Bc6 16. Rfc1 Qf5 $132) 15... Bc6 $132
16. Bxa6 Bxb7 17. Bxb7 Rab8 $36 18. Be4 $2 Nxe4 19. Qxe4 Rb1+ $17) 14... Bc6
15. e4 $5 {[/\16.Rab1,17.e5 |^>>]} Be7 $8 (15... Rfd8 16. Rab1 Qa3 17. Rb3 Qa5
18. Nd5 $16) 16. Rab1 (16. e5 $2 Bxf3 17. gxf3 Qxd2 $19) 16... Qa3 {[#]} 17.
Bg5 $1 (17. Rb3 Qc5 18. Bxa6 (18. e5 Bxf3 19. gxf3 Nd7 $5 $132) 18... bxa6 19.
Be3 Qa5 20. Nd4 Bd7 $132) 17... Qxc3 (17... h6 18. e5 $5 hxg5 (18... Bxf3 19.
Bxf6 $1 $36) 19. Nxg5 Nh5 20. Qxh5 Bxg5 21. Qxg5 Qxc3 22. Bxa6 Bxg2 $1 (22...
bxa6 23. Rbc1 $16) 23. Rfc1 Qa5 24. Bd3 $5 $40 (24. Bxb7 Bxb7 25. Rxb7 Qxa2 $11
)) 18. Rfc1 Qa5 19. e5 Nd5 $1 (19... Bxf3 20. exf6 Bxf6 21. Bxf6 Qf5 $5 (21...
gxf6 22. gxf3 $36 Qg5+ 23. Qxg5+ fxg5 24. Rxb7 $16) 22. gxf3 gxf6 23. Rb5 Qxf3
(23... Nc5 24. Rxc5 Qxc5 25. Bxf7+ $18) 24. Rb3 $40) (19... h6 20. Bxf6 Bxf6
21. exf6 $36) 20. Bxe7 (20. Bxd5 Qxd5 21. Bxe7 Rfe8 $13 22. Bd6 Re6 $132) 20...
Nxe7 21. Qxe7 Rae8 22. Qh4 Bxf3 23. gxf3 Rxe5 24. Rxb7 Nc5 (24... Nc7 25. Bd3
Rh5 26. Rxa7 $1 $16) 25. Rxf7 $1 (25. Re7 $2 Qd8 26. Rxf7 Qg5+ $1 $19 (26...
Qxh4 27. Rf4+ Ne6 28. Rxh4 $11)) 25... Rxf7 26. Qf4 $1 {Time} (26. Qf4 Re6 $8 (
26... Re1+ 27. Kg2) (26... Qc7 27. Bxf7+ Kh8 28. Bc4 $16) (26... Ne6 27. Bxe6
Rxe6 (27... Re1+ 28. Kg2 Rxc1 29. Qxf7+) 28. Rc8+ $18) 27. Qb8+ Rf8 28. Qe5
Rff6 29. Qxc5 Qxc5 30. Bxe6+ Rxe6 31. Rxc5 $14) 1-0

[Event "Escaldes zt"]
[Site "Escaldes"]
[Date "1998.11.12"]
[Round "7"]
[White "Gurevich, Mikhail"]
[Black "Magem Badals, Jordi"]
[Result "1/2-1/2"]
[WhiteElo "2610"]
[BlackElo "2540"]
[Annotator "Gurevich,M"]
[PlyCount "58"]
[EventDate "1998.11.06"]
[EventType "swiss"]
[EventRounds "9"]
[EventCountry "AND"]
[SourceTitle "CBM 068"]
[Source "ChessBase"]
[SourceDate "1999.02.01"]
[SourceVersion "1"]
[SourceVersionDate "1999.02.01"]
[SourceQuality "1"]

1. c4 {Tsesarsky} c5 2. Nc3 Nf6 3. Nf3 d5 4. cxd5 Nxd5 5. d4 e6 6. e4 Nxc3 7.
bxc3 cxd4 8. cxd4 Bb4+ 9. Bd2 Bxd2+ 10. Qxd2 O-O 11. Rd1 b6 12. h4 Qe7 $5 {
'N!' Tsesarsky. Tsesarsky: 'Good novelty! Black waits for the Bf1 movement.' TN
} 13. Bd3 Ba6 $1 14. O-O (14. Bxa6 Nxa6 15. O-O Rac8 {(/\16...Nb4)} 16. d5 exd5
17. exd5 Qd6 $13) 14... Bxd3 15. Qxd3 Nd7 {'=!' Tsesarsky.} (15... Rd8 $2 {
Tsesarsky} 16. d5 exd5 (16... Nd7 17. d6 Qf6 18. Rfe1 e5 19. Qd5 Rac8 20. Rc1
Rc5 21. Rxc5 Nxc5 22. Rd1 Nd7 23. Qb7 $16) 17. exd5 Nd7 (17... Qd6 18. Ng5 $16)
18. d6 Qf6 19. Rfe1 Nc5 20. Qd5 $16) 16. e5 $5 {[/\ 17.Ng5 |^>>]} (16. d5 {
Tsesarsky} exd5 17. exd5 Qd6 $1 $11) 16... h6 $1 (16... Rfd8 17. Ng5 Nf8 18.
Qg3 $36) (16... Rfc8 $1 {Tsesarsky} 17. Ng5 (17. d5 exd5 18. Qxd5 Nc5 19. Qd6
Qe8 $11) (17. Rfe1 Rc7 18. d5 exd5 19. Qxd5 (19. Nd4 Nc5 $17) 19... Re8 $11)
17... Nf8 18. Qe4 h6 19. Nf3 Rd8 20. Rc1 Rac8 $11) 17. Rfe1 Rac8 18. Qe4 Rc7 {
'+/-?' Tsesarsky. Tsesarsky: 'This bad move gives to White an advantage'} (
18... Rc4 $1 {(/\19...Rfc8<=>)} 19. Qb7 $6 Re8 $1 20. Qxa7 Nxe5 21. Qxe7 Nxf3+
22. gxf3 Rxe7 $15) (18... Qa3 $1 {Tsesarsky} 19. Rd2 $132 (19. Qg4 Rc4 $1 $15))
19. Qg4 {'!' Tsesarsky.} b5 $6 (19... Rfc8 20. d5 $1 exd5 21. Nd4 $36 (21. Nd4
$1 {Tsesarsky} Qb4 $5 (21... Nxe5 22. Qf5 (22. Nf5 Qf6 $17) 22... f6 23. f4 $16
) (21... Rc4 22. Nf5 $1 Qf8 23. Nxh6+ Kh8 24. Qxd7 gxh6 25. Rxd5 $16) 22. a3 $1
(22. e6 Nf6 23. exf7+ Kxf7 24. Qe6+ Kf8 25. a3 Qa4 26. Nf5 Qd7 $17) 22... Qa4
23. f4 Qxa3 24. Nf5 Qf8 25. Nxh6+ (25. Rxd5 Kh7 26. Red1 Nb8 27. Nd6 $44) 25...
Kh7 26. Nf5 Qc5+ 27. Kh2 g6 28. Nd6 Nf6 29. Qf3 Ne4 30. Nxc8 Rxc8 31. h5 $16))
20. d5 $1 exd5 (20... Rc4 21. d6 Qd8 22. Rd4 $14) 21. Nd4 $6 {'!?' Tsesarsky.
Tsesarsky: 'This move have been good in 19...Rfc8 variation.'} (21. Rxd5 a6 (
21... b4 {Tsesarsky} 22. Red1 Nb6 23. Rd6 Rc4 24. Qg3 Kh8 (24... Re8 25. Rxh6
Rc2 26. e6 $1 $16) 25. Nd4 Re8 26. Nf5 Qf8 27. Rd8 Rc8 28. R8d4 Rc3 29. f3 Rc5
30. f4 Rc3 31. Qg4 Rc2 32. Nd6 (32. Rd8 Rc8) 32... Re7 33. Qf5 Re2 34. Nxf7+
Rxf7 35. Qg4 Qc5 36. Qxe2 Rxf4 37. Qd2 Rxh4 38. e6 $16) (21... Rb8 22. Red1 $16
) 22. Red1 $1 (22. Nd4 Nf6 23. Qg3 Nh5 24. Qg4 Nf6 $11) 22... Nc5 (22... Nb6
23. Rd6 Nc4 24. Rxh6 Nxe5 25. Nxe5 Qxe5 26. Rxa6 $14) 23. Nd4 $40) 21... Rc4 (
21... Nxe5 $2 22. Qg3 f6 23. f4 $16) (21... Qb4 {Tsesarsky} 22. Rb1 Qc4 (22...
Qa4 23. Rxb5 Nc5 24. Reb1 Rfc8 25. Rb8 Ne6 26. R8b4 Qa6 $11) 23. Rxb5 Re8 24.
e6 Nf6 25. Qf4 fxe6 26. Rxe6 Rec8 27. Re2 Qc1+ 28. Qxc1 Rxc1+ 29. Kh2 R8c3 30.
f3 $11) 22. Qg3 {'=?' Tsesarsky.} (22. Qxg7+ Kxg7 23. Nf5+ Kh8 (23... Kh7 24.
Nxe7 Re8 25. Nxd5 $16 Rxe5 $2 (25... Rxh4 {Tsesarsky} 26. f4 $16 {Tsesarsky:
'This position is well-known - see previous analysis...'}) 26. Nf6+ $18) 24.
Nxe7 Re8 25. Nxd5 Rxe5 $13) 22... Qb4 $1 $13 23. a3 Qa4 24. e6 (24. Nf5 Rg4 25.
Qf3 Nb6 $132 (25... Rf4 {Tsesarsky} 26. Qxd5 Rxf5 27. Qxd7 Rf4 $132)) 24...
fxe6 {'[]' Tsesarsky.} (24... Rxd4 $2 25. Rxd4 Qxd4 26. exd7 $18 (26. exd7 {
Tsesarsky} Qb6 27. Re8 $18)) (24... Nf6 {Tsesarsky} 25. Nf5 (25. e7 Re8 26. Nf5
Rg4 27. Qd3 Qf4 $44) 25... Rg4 26. Ne7+ Kh8 27. Qd6 $16) 25. Nxe6 Rf7 26. Rxd5
Re4 $1 $11 27. Red1 Rxe6 28. Rxd7 Qf4 $1 29. Qxf4 Rxf4 1/2-1/2